00581nam a2200169 i 450000100060000000300090000600500170001500700030003200800410003510000360007624500670011226000350017930000220021485200320023699900170026895201260028528248ES-MaACL20230906153815.0t|030116s1960 sp ||||1| spa d1 aBadenes Gasset, Ramón.92452714aLas fundaciones de Derecho privado / cRamón Badenes Gasset. aBarcelona : bAcervo, c[1960] a315 p. ; c22 cm. aES-MaACLjC-17629 bR.45726 c28248d28248 00104070aATENEOMbATENEOMcGaleríad2008-01-17eSCl0oC-17629p1029161r2023-02-23 00:00:00w2023-02-23yMONOGRAFIA